| 000 | 00425nam a2200157Ia 4500 | ||
|---|---|---|---|
| 008 | 210716s2015 xx 000 0 und d | ||
| 020 | _a9789352131938 | ||
| 041 | _aeng | ||
| 082 | _a004.607 PANS | ||
| 100 | _aPanda, Sandeep. | ||
| 245 | _aAngular JS: novice to ninja. | ||
| 250 | _a1 | ||
| 260 |
_aNew Delhi _bShroff Publishers and Distributors Pvt Ltd _c2015 |
||
| 300 | _axx,284 | ||
| 650 | _aWeb Design & Development | ||
| 999 |
_c195061 _d195061 |
||